| 000 | 00981cam a22002891a 4500 | ||
|---|---|---|---|
| 001 | 208 | ||
| 003 | BD-RjUL | ||
| 005 | 20211208233129.0 | ||
| 008 | 131115s1952 enk b 001 0 eng | ||
| 035 | _a(BD-RjUL)222 | ||
| 035 | _a(OCoLC)892811 | ||
| 040 |
_aDLC _cNSyU _dBD-RjUL _beng |
||
| 041 | _aeng | ||
| 082 | 0 | 4 |
_a811.5 _216 _bMAP 1952 |
| 100 | 1 |
_aMaxwell, D. E. S. _q(Desmond Ernest Stewart), _9632 |
|
| 245 | 1 | 4 |
_aThe poetry of T.S. Eliot / _cD.E.S. Maxwell. |
| 260 |
_aLondon : _bRoutledge & K. Paul, _c1952 [Impression 1961] |
||
| 300 |
_avii, 223 p. ; _c23 cm. |
||
| 500 | _a"First published in 1952"--Verso of t.p. | ||
| 504 | _aIncludes bibligraphical references (p. 219-220) and index. | ||
| 526 | _bEnglish. | ||
| 650 | 7 |
_2SLSH _aEnglish Literature. _vPoetry. _9633 |
|
| 856 | 2 |
_3Worldcat Details _uhttp://www.worldcat.org/title/poetry-of-t-s-eliot/oclc/848515818&referer=brief_results |
|
| 942 |
_2ddc _cBK |
||
| 999 |
_c208 _d208 |
||